Responses for show #3056 - Monday, December 8, 1997

Contestants

[<< previous game]

Michael Noonan, a finance manager from Washington, D.C.

Marilyn Cuca, a homemaker from Arlington Heights, Illinois

Ron Seide, a general manager from Aliso Viejo, California (whose 1-day cash winnings total $12,801)

[next game >>]

Jeopardy! Round responses

WORLD GEOGRAPHY
CITY TV
DRIVING
ON THE GO
PARK IT HERE
THE QUEEN'S ENGLISH
    $100 1
France

Ron
    $100 14
Chicago Hope

Michael
    $100 30
Automatic transmission

Marilyn
    $100 12
Hot air balloon

Michael
    $100 3
Yellowstone

Ron
    $100 7
Tea

Ron
    $200 2
Argentina

Michael
    $200 13
The Streets of San Francisco

Marilyn
    $200 16
Tailgate

Ron
    $200 22
"The Surrey With the Fringe On Top"

Marilyn
    $200 26
(we have a minute to go...)

New Orleans

Marilyn
    $200 8
T-Y-R-E

Michael
    $300 4
Greenland

Ron
    $300 15
(Marilyn: What is something with Brooklyn in it?)

Brooklyn Bridge

Marilyn
Triple Stumper
    $300 17
(Marilyn: What is...I can't think of it!)

Defensive driving

Marilyn
Triple Stumper
    $300 23
Rolls-Royce

Marilyn
    $300 27
Hot Springs

Michael
    $300 9
Umbrella

Marilyn
    $400 5
Pacific

Triple Stumper
    $400 20
WKRP in Cincinnati

Marilyn
    $400 18
Hydroplaning

Ron
    $400 24
Harley-Davidson

Marilyn
    $2,000 28
Battery Park

Michael
    $400 10
Motorway

Michael
    $500 6
Kazakhstan

Michael
    $500 21
Miami Vice

Ron
    $500 19
Objects Are Closer Than They Appear

Michael
    $500 25
Umiaks

Triple Stumper
    $500 29
Boston Common

Triple Stumper
    $500 11
Batman

Michael

Scores at the first commercial break (after clue 15):

Ron Marilyn Michael
$600 $200 $2,000

Scores at the end of the Jeopardy! Round:

Ron Marilyn Michael
$1,700 $1,500 $4,800

Double Jeopardy! Round responses

WOMEN IN HISTORY
ASTRONAUT LINGO
PHYSICS
SPORTS NICKNAMES
FOOLISH FASHION FADS
(Alex: And there were a lot of them!)
BIG "SHOT"s
    $200 8
Witchcraft

Michael
    $200 29
Re-entry

Michael
    $200 30
Vacuum

Michael
    $200 1
"The Greatest"

Marilyn
    $200 10
Collars

Marilyn
    $200 27
Shot glass

Marilyn
    $400 24
Nuclear fission

Michael
    $400 25
Scrub

Ron
    $400 22
Position

Triple Stumper
    $400 2
"Shoeless Joe"

Michael
    $400 11
(Platform) shoes

Marilyn
    $400 9
Shotgun wedding

Michael
    $600 18
Elizabeth Glaser

Ron
    $600 6
(Marilyn: What is the hatch?)

Airlock

RonMarilyn
    $600 23
(we have a minute to go...)

Electromagnetic waves

Triple Stumper
    $3,000 3
"The Mailman"

Michael
    $600 12
Macaronis

Triple Stumper
    $600 15
Shot put

Marilyn
    $800 21
The Fabian Society

Michael
    $800 7
Probe

Marilyn
    $800 26
Conduct

Michael
    $800 4
Chris Berman

Michael
    $800 13
Lillie Langtry

Marilyn
    $800 16
A Shot in the Dark

Marilyn
    $3,800 19
"Roe" (from Roe v. Wade in 1973)

Ron
    $1000 20
Window

Michael
    $1000 28
Strings

Triple Stumper
    $1000 5
Rhino

Ron
    $1000 14
Isadora Duncan

Marilyn
    $1000 17
"Shot heard 'round the world"

Marilyn

Scores at the end of the Double Jeopardy! Round:

Ron Marilyn Michael
$8,100 $6,900 $13,000

[wagering suggestions for these scores]

Final Jeopardy! Round responses

ACTORS & THEIR ROLES
(Alex: He played the title role in "I, Claudius" & King Claudius in "Hamlet".)
MarilynWhat is Claudius?
$5,000
RonWhat is Polonius
$8,100
MichaelWhat is Claudius
$3,201
Claudius

Final scores:

Ron Marilyn Michael
$0 $11,900 $16,201
3rd place: Samsung 8mm Compact Hi-Fi Stereo Camcorder 2nd place: 7-Night Caribbean Cruise on Costa Cruise Lines New champion: $16,201

Game dynamics:

Coryat scores:

Ron Marilyn Michael
$5,300 $6,900 $9,000
12 R
(including 1 DD),
0 W
18 R,
3 W
21 R
(including 2 DDs),
0 W

Combined Coryat: $21,200

The J! Archive is created by fans, for fans. The Jeopardy! game show and all elements thereof, including but not limited to copyright and trademark thereto, are the property of Jeopardy Productions, Inc. and are protected under law. This website is not affiliated with, sponsored by, or operated by Jeopardy Productions, Inc. Join the discussion at JBoard.tv.